000 00606nab a2200193 a 4500
005 20210219160553.0
008 991125s1985 mx 000 0 spa u
035 _aUPN01000168270
100 1 _aRodríguez Lestegás, Francisco
222 _aREVISTA ESPAÑOLA DE PEDAGOGIA
245 _aLa construcción de identidades en la sociedad actual : un desafío para la educación y para la democracia
300 _a85-101
362 0 _a2008 Año 66, no. 239, ene.-abr.
653 0 _aIDENTIDAD
653 0 _aEDUCACION MULTICULTURAL
653 0 _aCIUDADANIA
653 0 _aDEMOCRACIA
905 _aArticulo
999 _c140377
_d140377